LEADER 01297nam 2200385 n 450 001 996388859403316 005 20221108080639.0 035 $a(CKB)1000000000635908 035 $a(EEBO)2240942319 035 $a(UnM)99871202 035 $a(EXLCZ)991000000000635908 100 $a19940922d1641 uy | 101 0 $aeng 135 $aurbn||||a|bb| 200 14$aThe vnlavvfulnes and danger of limited prelacie$b[electronic resource] $eor Perpetuall precidencie in the Church, briefly discovered 210 $a[London $cs.n.]$dPrinted in the yeare 1641 215 $a[4], 19, [1] p 300 $aAttributed to Alexander Henderson. 300 $aPlace of publication from Wing. 300 $aAnnotation on Thomason copy: "Mr Rob:. Blair or Henderson". 300 $aReproduction of the original in the British Library. 330 $aeebo-0018 606 $aEpiscopacy$vEarly works to 1800 606 $aChurch polity$vEarly works to 1800 615 0$aEpiscopacy 615 0$aChurch polity 700 $aHenderson$b Alexander$f1583?-1646.$01003757 801 0$bCu-RivES 801 1$bCu-RivES 801 2$bCStRLIN 801 2$bWaOLN 906 $aBOOK 912 $a996388859403316 996 $aThe vnlavvfulnes and danger of limited prelacie$92398492 997 $aUNISA LEADER 02226oam 2200541Ia 450 001 9910702236503321 005 20121107111248.0 035 $a(CKB)5470000002425785 035 $a(OCoLC)816340321 035 $a(EXLCZ)995470000002425785 100 $a20121107d2012 ua 0 101 0 $aeng 135 $aurmn||||||||| 181 $ctxt$2rdacontent 182 $cc$2rdamedia 183 $acr$2rdacarrier 200 10$aEffects of subscale size and shape on global energy dissipation in a multiscale model of a fiber-reinforced composite exhibiting post-peak strain softening using abaqus and FEAMAC$b[electronic resource] /$fEvan J. Pineada, Brett A. Bednarcyk, and Steven M. Arnold 210 1$aCleveland, Ohio :$cNational Aeronautics and Space Administration, Glenn Research Center,$d[2012] 215 $a1 online resource (14 pages) $cillustrations (some color) 225 1 $aNASA/TM ;$v2012-217650 300 $aTitle from title screen (viewed on Nov. 6, 2012). 300 $a"August 2012." 300 $a"Prepared for the Simulia Community Conference (SCC) sponsored by the Dassault Syste?mes, Providence, Rhode Island, May 15-17, 2012." 320 $aIncludes bibliographical references (pages 13-14). 606 $aFiber composites$2nasat 606 $aCracks$2nasat 606 $aPlastic deformation$2nasat 606 $aMultiscale models$2nasat 606 $aMicromechanics$2nasat 606 $aEnergy dissipation$2nasat 615 7$aFiber composites. 615 7$aCracks. 615 7$aPlastic deformation. 615 7$aMultiscale models. 615 7$aMicromechanics. 615 7$aEnergy dissipation. 700 $aPineda$b Evan J$01387412 701 $aBednarcyk$b Brett A$01389323 701 $aArnold$b S. M$01390992 712 02$aNASA Glenn Research Center. 712 12$aSimulia Community Conference$f(2012 :$eProvidence, R.I.) 801 0$bGPO 801 1$bGPO 801 2$bGPO 906 $aBOOK 912 $a9910702236503321 996 $aEffects of subscale size and shape on global energy dissipation in a multiscale model of a fiber-reinforced composite exhibiting post-peak strain softening using abaqus and FEAMAC$93490693 997 $aUNINA